مكتبة جامعة عجلون الوطنية

فهرس بحث المكتبة

Idylls of the King and A Selection of Poems (Record no. 2865)

MARC details
000 -LEADER
fixed length control field 00589nam a2200193Ii 4500
003 - CONTROL NUMBER IDENTIFIER
control field JO-AjNU
008 - FIXED-LENGTH DATA ELEMENTS--GENERAL INFORMATION
fixed length control field 230606s9999||||xx |||||||||||||| ||und||
040 ## - CATALOGING SOURCE
Original cataloging agency JO-AjNU
Language of cataloging eng
Description conventions rda
Transcribing agency JO-AjNU
041 ## - LANGUAGE CODE
Language code of text/sound track or separate title eng
050 14 - LIBRARY OF CONGRESS CALL NUMBER
Classification number PR5558.A1 1961
100 3# - MAIN ENTRY--PERSONAL NAME
Personal name Tennyson, Alfred,
Relator term author
9 (RLIN) 5543
245 00 - TITLE STATEMENT
Title Idylls of the King and A Selection of Poems
264 31 - PRODUCTION, PUBLICATION, DISTRIBUTION, MANUFACTURE, AND COPYRIGHT NOTICE
Place of production, publication, distribution, manufacture New York: New American Library, 1961
300 ## - PHYSICAL DESCRIPTION
Extent 319P
336 ## - CONTENT TYPE
Content type term text
Content type code txt
Source rdacontent
337 ## - MEDIA TYPE
Media type term unmediated
Media type code n
Source rdamedia
338 ## - CARRIER TYPE
Carrier type term volume
Carrier type code nc
Source rdacarrier
650 #4 - SUBJECT ADDED ENTRY--TOPICAL TERM
Topical term or geographic name entry element Arthurian Romances-Adaptations- Poetry
9 (RLIN) 5544
Holdings
Withdrawn status Lost status Source of classification or shelving scheme Damaged status Not for loan Home library Current library Shelving location Date acquired Total Checkouts Full call number Barcode Date last seen Price effective from Koha item type
    Library of Congress Classification     مكتبة جامعة عجلون الوطنية مكتبة جامعة عجلون الوطنية المجموعات العامة 06/06/2023   PR5558.A1 1961 E2867 06/06/2023 06/06/2023 Books